Biblioteca

Participación de los evangélicos en la política latinoamericana : (Registro nro. 59934)

Detalles MARC
000 -LÍDER
Campo fijo de descripción fija 01113aab a2200217 i 4500
001 - NÚMERO DE CONTROL
Campo de control 768714001
003 - IDENTIFICADOR DEL NÚMERO DE CONTROL
Campo de control CO-MdFUSB
005 - FECHA Y HORA DE LA ULTIMA TRANSACCIÓN
control field 20240422114320.0
008 - ELEMENTOS DE LONGITUD FIJA -- INFORMACIÓN GENERAL
Campo fijo de descripción fija -- Información general 170719t1991 ag ||||| |||| 00| 0 spa d
022 ## - NÚMERO INTERNACIONAL NORMALIZADO PARA PUBLICACIONES SERIADAS
Número Internacional Normalizado para Publicaciones Seriadas 0122-2996
040 ## - FUENTE DE CATALOGACIÓN
Idioma de catalogación spa
Agencia que realiza la transcripción CO-MdFUSB
041 ## - CÓDIGO DE IDIOMA
Código de idioma para texto/pista de sonido o título separado spa
100 1# - ASIENTO PRINCIPAL--NOMBRE PERSONAL
Nombre personal Romanenghi de Powell, Elsie
Término relacionador autor
245 10 - TÍTULO
Título Participación de los evangélicos en la política latinoamericana :
Subtitulo una crónica
Mención de responsabilidad / Elsie Romanenghi de Powell
300 ## - DESCRIPCIÓN FÍSICA
Extensión Volumen 23, número 44 (1991), páginas: 233-248
Dimensiones ; 27 cm
520 ## - NOTA DE RESUMEN, ETC.
Nota de sumario, etc. Relata como la participación de los evangélicos en la política latinoamericana fue discutida en la segunda consulta continental que tuvo lugar en octubre de 1991. Los diferentes grupos políticos estuvieron representados y analizaron la situación socioeconómica, de esta parte del continente, en un ambiente de hermandad, reflexión y entrega a su pueblo.
546 ## - NOTA DE IDIOMA
Nota de idioma Texto en español
650 #7 - ASIENTO SECUNDARIO DE MATERIA - TERMINO TEMÁTICO
Término temático o nombre geográfico como elemento de entrada Clero --
Término temático que sigue al nombre geográfico como elemento de entrada Actividad política
9 (RLIN) 41
773 0# - ASIENTO DE ITEM FUENTE
Título Boletín Teológico
Biblionumber 49402
Itemnumber 59664
Parte(s) relacionada(s) / Volumen., número. (mes año), páginas Volumen 23, número 44 (1991), páginas: 233 - 248
Enumeración y primera página páginas: 233
942 ## - TIPO DE MATERIAL (KOHA)
Tipo de Item KOHA Artículos de Revista

No hay ítems disponibles.

Biblioteca FUSBC | Teléfono: (57+4) 349 88 10 Ext. 141| WhatsApp (+57) 3005338115 
E-mail: biblioteca@unisbc.edu.co | Calle 76 87-14 Robledo Palenque, Medellín, Colombia

Con tecnología Koha